Discurso inaugural leído en la solemne apertura del curso académico de 1928 a 1929 ante el claustro de la Universidad de Barcelona / por el doctor Eusebio Oliver y Aznar

por Oliver Aznar, Eusebio

Publicado: Barcelona : Núñez y Ca , 1928
Descripción Física: 19 p. ; 26 cm

MARC

LEADER 00000nam a2200000Ia 4500
001 22564
008 160829s1928 xx 000 0 cat d
080 |a RF-13-66 
100 |a Oliver Aznar, Eusebio  |9 47609 
245 |a Discurso inaugural leído en la solemne apertura del curso académico de 1928 a 1929 ante el claustro de la Universidad de Barcelona / por el doctor Eusebio Oliver y Aznar 
260 |a Barcelona :  |b Núñez y Ca.,  |c 1928 
300 |a 19 p. ;  |c 26 cm 
590 |a Prové de 3920, exp. 350 
650 |a Universitat de Barcelona. Facultat de Medicina  |9 47610 
700 |a Universitat de Barcelona. Facultat de Medicina  |9 47610 
856 4 |u https://media.diba.cat/diba/fitxers/arxiu/fulletons/bib_22564_1928_baixa.pdf  |y Accés lliure 
856 4 |u https://media.diba.cat/diba/fitxers/arxiu/fulletons/bib_22564_1928_baixa.pdf  |y Accés lliure 
901 |a Arxiu 
942 |n 1  |2 udc 
952 |0 0  |1 0  |4 0  |6 RF1366  |7 1  |9 54000  |a Arxiu  |b Arxiu  |d 2016-12-01  |l 0  |o RF-13-66  |p 22564  |r 2016-12-01 00:00:00  |w 2016-12-01  |y ARXIU 
999 |c 57868  |d 57868 
900 |a bib_22564_1928_baixa.pdf